Eurovision 2026 Scoreboard (Odds) - Statistics

General Stats
  • This quiz has been taken 66 times
    12 since last reset
  • The average score is 11 of 35
Answer Stats
Place Country % % Correct
1 Finland 31%
100%
3 Denmark 10%
91%
2 France 11%
91%
5 Greece 7%
73%
4 Australia 8%
64%
6 Israel 6%
55%
32 Austria <1%
45%
35 Azerbaijan <1%
45%
8 Romania 3%
45%
13 Bulgaria 1%
36%
33 Estonia <1%
36%
34 Montenegro <1%
36%
31 Portugal <1%
36%
9 Ukraine 3%
36%
29 Belgium <1%
27%
17 Luxembourg 1%
27%
14 Malta 1%
27%
30 San Marino <1%
27%
7 Sweden 4%
27%
25 Switzerland <1%
27%
18 United Kingdom 1%
27%
23 Armenia <1%
18%
11 Cyprus 2%
18%
22 Germany <1%
18%
10 Italy 2%
18%
21 Latvia 1%
18%
24 Serbia <1%
18%
16 Croatia 1%
9%
12 Czechia 2%
9%
27 Georgia <1%
9%
15 Moldova 1%
9%
28 Poland <1%
9%
26 Albania <1%
0%
19 Lithuania 1%
0%
20 Norway 1%
0%
No matching quizzes found
Score Distribution
Percent of People with Each Score
Percentile by Number Answered
Your Score History
You have not taken this quiz since the last reset